000 01287cam a2200241 4500
001 ##L131847
008 051213n2005 000 0 eng u
020 _a0860176509
035 _a(Sirsi) u131847
041 0 _aeng
050 0 4 _a614.7 $2 18
100 1 _aCharles, Philip
245 0 0 _aEnvironmental good practice on site
250 _a2nd ed.
260 _aLondon
_bCIRIA
_c2005
300 _a188p
_bill, tables
_c21cm +
_e1 cd
490 0 _aCIRIA
_vC650
520 _aA practical guide to managing construction on site to control environmental impacts. Outlines the benefits and obligations of environmental good practice. Examines general site management, including the responsibilities of management and staff, dealing with sub-contractors, materials management, site security and the value of good public relations. Gives detailed guidance on how to prevent impacts and respond to problems for a range of environmental issues, from archaeology and built heritage to wildlife and natural features. Identifies the environmental issues that should be considered during construction, from bored tunnelling to working with groundwater.
520 _aSupercedes 1st ed (ISBN 0860175022)
690 _aProject management
_96261
700 1 _aConnolly, Samantha
942 _n0
999 _c104870
_d104870